[Event "European Rapid 2014"]
[Site "Wroclaw POL"]
[Date "2014.12.21"]
[Round "9.47"]
[White "Loginov, Valery A"]
[Black "Chetverik, Maxim"]
[Result "1-0"]
[WhiteTitle "GM"]
[BlackTitle "IM"]
[WhiteElo "2486"]
[BlackElo "2258"]
[WhiteFideId "4126297"]
[BlackFideId "4106784"]
[EventDate "2014.12.20"]

1. e4 Nf6 2. e5 Nd5 3. d4 d6 4. Nf3 g6 5. Bc4 Nb6 6. Bb3 Bg7 7. Ng5 d5 8. f4 a5
9. a4 f6 10. Nf3 c6 11. O-O O-O 12. Be3 Na6 13. Nbd2 Nc7 14. c3 Bg4 15. h3 Bxf3
16. Nxf3 f5 17. Kh2 Ne6 18. Bc2 Nd7 19. Qd2 Rf7 20. g4 Qf8 21. gxf5 gxf5 22. Rf2
Kh8 23. Rg1 Bh6 24. Nh4 Rg7 25. Bxf5 Rxg1 26. Kxg1 Qf7 27. Bxe6 Qxe6 28. f5 Qg8+
29. Rg2 Bxe3+ 30. Qxe3 Qf8 31. Qg5 c5 32. Qh5 1-0

[Event "European Rapid 2014"]
[Site "Wroclaw POL"]
[Date "2014.12.21"]
[Round "9.48"]
[White "Dourerassou, Jonathan"]
[Black "Chojnacki, Slawomir"]
[Result "0-1"]
[WhiteTitle "IM"]
[WhiteElo "2469"]
[BlackElo "2255"]
[WhiteFideId "628050"]
[BlackFideId "1117076"]
[EventDate "2014.12.20"]

1. e4 c6 2. d4 d5 3. Nc3 dxe4 4. Nxe4 Nf6 5. Nxf6+ gxf6 6. c3 Bf5 7. Nf3 e6 8.
g3 Bd6 9. Bg2 Be4 10. Qe2 f5 11. O-O Nd7 12. Bh3 Bxf3 13. Qxf3 Qc7 14. Bg5 h6
15. Qh5 Rg8 16. Bh4 Rg6 17. Rfe1 Kf8 18. c4 Kg7 19. d5 Ne5 20. dxe6 fxe6 21. Qe2
Nf7 22. Rad1 Be5 23. Bg2 c5 24. Bf3 Bd4 25. Bh5 e5 26. Bxg6 Kxg6 27. Kh1 Qc6+
28. f3 Ng5 29. Rf1 Re8 30. Rde1 Re6 31. Qg2 e4 32. Bxg5 hxg5 33. fxe4 fxe4 34.
b3 e3 35. Qxc6 Rxc6 36. Kg2 a5 37. Re2 Rb6 38. Rf3 Re6 39. Rf8 a4 40. bxa4 Ra6
41. Rb8 Kf5 42. Rxb7 Ke4 43. Rb3 Rxa4 44. Rc2 g4 45. h3 gxh3+ 46. Kxh3 Kf3 47.
Rb8 Ra6 48. Rf8+ Ke4 49. Re8+ Kd3 50. Rg2 Kxc4 51. g4 Kd3 52. g5 c4 53. Rd8 e2
54. Rg3+ Ke4 55. Rg4+ Kf5 56. Rf8+ Rf6 57. Rxf6+ Bxf6 58. Rg1 Bc3 59. g6 Kf4 60.
Rc1 Bd4 61. Kg2 Ke3 62. a4 c3 63. a5 Kd2 64. Rh1 c2 65. Rh4 c1=Q 66. Rxd4+ Kc3
67. g7 Qg5+ 68. Kf2 Kxd4 0-1

[Event "European Rapid 2014"]
[Site "Wroclaw POL"]
[Date "2014.12.21"]
[Round "9.49"]
[White "Berzinsh, Roland"]
[Black "Jancovic, Peter"]
[Result "1-0"]
[WhiteTitle "IM"]
[WhiteElo "2395"]
[BlackElo "2171"]
[WhiteFideId "11600357"]
[BlackFideId "14913321"]
[EventDate "2014.12.20"]

1. e4 c5 2. Nf3 e6 3. d4 cxd4 4. Nxd4 Nc6 5. Nc3 Qc7 6. Be3 a6 7. Qf3 b5 8. Nxc6
Qxc6 9. Bd3 Bb7 10. Qg3 d6 11. Bd4 Nf6 12. a3 Be7 13. Qxg7 Rg8 14. Qh6 e5 15.
Be3 Rxg2 16. O-O-O Rg6 17. Qh4 O-O-O 18. Rhg1 Qd7 19. Rxg6 fxg6 20. Bg5 Rf8 21.
f4 exf4 22. e5 dxe5 23. Bxb5 axb5 24. Rxd7 Kxd7 25. Qe1 Ng4 26. Qd1+ Bd6 27.
Qxg4+ Kc6 28. Qe6 Bc8 29. Qd5+ Kd7 30. Ne4 1-0

[Event "European Rapid 2014"]
[Site "Wroclaw POL"]
[Date "2014.12.21"]
[Round "9.50"]
[White "Kanep, Meelis"]
[Black "Zapolski, Krzysztof"]
[Result "1-0"]
[WhiteTitle "GM"]
[WhiteElo "2509"]
[BlackElo "2214"]
[WhiteFideId "4501047"]
[BlackFideId "1126733"]
[EventDate "2014.12.20"]

1. d4 g6 2. e4 Bg7 3. Nc3 c5 4. dxc5 Qa5 5. Bd2 Qxc5 6. Nd5 Na6 7. Nf3 Nf6 8. b4
Qd6 9. Bf4 Qe6 10. Ng5 Qc6 11. b5 Qc5 12. Be3 Qa3 13. Bd4 e5 14. Bxe5 Nxd5 15.
Qxd5 Qa5+ 16. Kd1 O-O 17. Bxg7 Nb4 18. Bc3 Nxd5 19. Bxa5 1-0

[Event "European Rapid 2014"]
[Site "Wroclaw POL"]
[Date "2014.12.21"]
[Round "9.51"]
[White "Stachowiak, Kamil"]
[Black "Pavlidou, Ekaterini"]
[Result "1-0"]
[WhiteTitle "IM"]
[BlackTitle "WIM"]
[WhiteElo "2449"]
[BlackElo "2175"]
[WhiteFideId "1119966"]
[BlackFideId "4213262"]
[EventDate "2014.12.20"]

1. d4 f5 2. Nc3 Nf6 3. Bg5 d5 4. Bxf6 exf6 5. e3 c6 6. Bd3 Be6 7. Qf3 Qd7 8.
Nge2 Bd6 9. h4 Na6 10. a3 Nc7 11. h5 O-O-O 12. O-O-O g5 13. hxg6 hxg6 14. Nf4
Bf7 15. Kb1 Ne6 16. Nxe6 Qxe6 17. Ne2 Kb8 18. Rh3 Rxh3 19. Qxh3 b6 20. Ba6 b5
21. a4 Kc7 22. axb5 Rb8 23. bxc6 Rb6 24. Bb7 Ba3 25. b3 g5 26. Qh7 a5 27. Nc3
Be7 28. Kb2 Bb4 29. Ra1 g4 30. g3 Qe7 31. Qxf5 Bxc3+ 32. Kxc3 Be6 33. Qf4+ Kd8
34. Qb8+ 1-0

[Event "European Rapid 2014"]
[Site "Wroclaw POL"]
[Date "2014.12.21"]
[Round "9.52"]
[White "Ladva, Ottomar"]
[Black "Gajic, Mladen"]
[Result "1-0"]
[WhiteTitle "FM"]
[WhiteElo "2404"]
[BlackElo "2210"]
[WhiteFideId "4500024"]
[BlackFideId "1709178"]
[EventDate "2014.12.20"]

1. d4 Nf6 2. c4 c5 3. d5 e6 4. Nc3 exd5 5. cxd5 d6 6. Nf3 g6 7. Nd2 Bg7 8. e4
O-O 9. Be2 Re8 10. O-O a6 11. a4 Nbd7 12. Re1 Rb8 13. Ra3 Qc7 14. a5 Ne5 15. h3
c4 16. f4 Nd3 17. Bxd3 cxd3 18. Qf3 Nd7 19. Qxd3 Nc5 20. Qc2 f5 21. e5 dxe5 22.
Na4 e4 23. Qc4 Qxf4 24. Nxc5 Kh8 25. Nf3 Qc7 26. Ng5 b5 27. axb6 Rxb6 28. d6 1-0

[Event "European Rapid 2014"]
[Site "Wroclaw POL"]
[Date "2014.12.21"]
[Round "9.53"]
[White "Frink, Ferenc"]
[Black "Mihok, Oliver"]
[Result "1-0"]
[WhiteTitle "FM"]
[BlackTitle "IM"]
[WhiteElo "2106"]
[BlackElo "2464"]
[WhiteFideId "704946"]
[BlackFideId "728012"]
[EventDate "2014.12.20"]

1. e4 g6 2. d4 Bg7 3. c3 c5 4. Be3 cxd4 5. cxd4 d5 6. e5 Nc6 7. a3 Nh6 8. Bd3
O-O 9. Ne2 Bf5 10. O-O Bxd3 11. Qxd3 Nf5 12. h3 e6 13. Nd2 Qb6 14. b4 Rac8 15.
g4 Nxe3 16. fxe3 f6 17. exf6 Bxf6 18. Rf3 Bg7 19. Raf1 Rxf3 20. Rxf3 Qd8 21. b5
Na5 22. e4 Nc4 23. e5 Qa5 24. Nxc4 dxc4 25. Qe4 Qxb5 26. Nc3 Qc6 27. d5 Qb6+ 28.
Kg2 Qb2+ 29. Kg3 exd5 30. Qxd5+ Kh8 31. Qd7 Bxe5+ 32. Kh4 Rg8 33. Ne4 Qd4 34.
Qxb7 Qd8+ 35. g5 Bg7 36. Qc6 Qc8 37. Nd6 1-0

[Event "European Rapid 2014"]
[Site "Wroclaw POL"]
[Date "2014.12.21"]
[Round "9.54"]
[White "Skytte, Rasmus"]
[Black "Kukula, Pawel"]
[Result "1-0"]
[WhiteTitle "IM"]
[WhiteElo "2424"]
[BlackElo "2256"]
[WhiteFideId "1404210"]
[BlackFideId "1115081"]
[EventDate "2014.12.20"]

1. e4 c5 2. c3 Nf6 3. e5 Nd5 4. d4 cxd4 5. Nf3 Nc6 6. Bc4 Nb6 7. Bb3 d5 8. exd6
e6 9. cxd4 Bxd6 10. O-O O-O 11. Nc3 e5 12. Bg5 Be7 13. Bxe7 Qxe7 14. d5 Na5 15.
Re1 Bg4 16. Bc2 Bxf3 17. Qxf3 Nac4 18. Qh3 g6 19. Qh6 Nd6 20. f4 Nd7 21. f5 gxf5
22. Rf1 e4 23. Rae1 Qf6 24. Qh3 Qd4+ 25. Kh1 Kh8 26. Bxe4 Nxe4 27. Nxe4 fxe4 28.
Qxd7 f5 29. Rxf5 Rad8 30. Rxf8+ Rxf8 31. h3 Qxb2 32. Qe7 Qf6 33. Rxe4 Qxe7 34.
Rxe7 Rf1+ 35. Kh2 Rd1 36. Rd7 b5 37. Kg3 a5 38. Kf4 b4 39. Ke5 a4 40. Rb7 Re1+
41. Kf6 Rf1+ 42. Ke6 Re1+ 43. Kd7 Re2 44. Rxb4 Rxa2 45. d6 a3 46. Rb3 Ra1 47.
Rc3 a2 48. Rc2 Kg7 49. Kc7 Kf7 50. d7 Rd1 51. Rxa2 Rc1+ 52. Kd8 Rf1 53. Rd2 Rc1
54. Rf2+ Ke6 55. Ke8 1-0

[Event "European Rapid 2014"]
[Site "Wroclaw POL"]
[Date "2014.12.21"]
[Round "9.55"]
[White "Janaszak, Dawid"]
[Black "Strozyk, Tomasz"]
[Result "1-0"]
[WhiteTitle "FM"]
[WhiteElo "2363"]
[BlackElo "2227"]
[WhiteFideId "1119206"]
[BlackFideId "1103431"]
[EventDate "2014.12.20"]

1. c4 c6 2. g3 d5 3. Bg2 Nf6 4. Nf3 Bf5 5. O-O e6 6. b3 Nbd7 7. Bb2 Be7 8. d3 h6
9. Nbd2 Qb6 10. Qc2 O-O 11. Rac1 Rfe8 12. Qb1 a5 13. Bc3 Bc5 14. Qb2 Bb4 15. a3
Bxc3 16. Qxc3 Bh7 17. h3 Rad8 18. Rfe1 e5 19. cxd5 Nxd5 20. Qc2 N7f6 21. e4 Nc7
22. Nc4 Qa7 23. Ncxe5 Ne6 24. Qc4 Nh5 25. d4 Nf6 26. Nxf7 Kxf7 27. d5 Ng5 28.
Nxg5+ hxg5 29. dxc6+ Kf8 30. e5 Rd4 31. Qc3 Ne4 32. Qf3+ Kg8 33. c7 Qa8 34. Qe3
Rd5 35. Bxe4 Rdxe5 36. Bxh7+ Kxh7 37. Qxe5 Rxe5 38. Rxe5 Qc8 39. Re8 1-0

[Event "European Rapid 2014"]
[Site "Wroclaw POL"]
[Date "2014.12.21"]
[Round "9.56"]
[White "Sieciechowicz, Marcin"]
[Black "Jagodzinski, Piotr"]
[Result "1-0"]
[WhiteTitle "IM"]
[WhiteElo "2447"]
[BlackElo "2254"]
[WhiteFideId "1130170"]
[BlackFideId "1136593"]
[EventDate "2014.12.20"]

1. d4 c5 2. d5 e5 3. e4 d6 4. Nc3 a6 5. a4 Be7 6. f4 exf4 7. Bxf4 Bg5 8. Qd2
Bxf4 9. Qxf4 Ne7 10. Nf3 Ng6 11. Qg3 Qb6 12. Nd2 Qxb2 13. Rb1 Qxc2 14. Bd3 Qxc3
15. Bb5+ axb5 16. Qxc3 Rxa4 17. Qxg7 Nd7 18. O-O Nde5 19. Nf3 Rf8 20. Nxe5 Nxe5
21. Rf6 Ke7 22. Rxd6 Rxe4 23. Qf6+ 1-0

[Event "European Rapid 2014"]
[Site "Wroclaw POL"]
[Date "2014.12.21"]
[Round "9.57"]
[White "Abergel, Thal"]
[Black "Brzezinski, Mateusz"]
[Result "0-1"]
[WhiteTitle "GM"]
[WhiteElo "2400"]
[BlackElo "2125"]
[WhiteFideId "614890"]
[BlackFideId "1177117"]
[EventDate "2014.12.20"]

1. e4 e6 2. d4 d5 3. exd5 exd5 4. Bd3 Bd6 5. Qf3 Nc6 6. Ne2 Nge7 7. Nbc3 Nb4 8.
Bf4 Nxd3+ 9. Qxd3 O-O 10. O-O-O Bxf4+ 11. Nxf4 Qd6 12. Qf3 c6 13. g4 Ng6 14. Nh5
f5 15. g5 f4 16. h4 Bf5 17. Rdg1 Rae8 18. Rh2 b5 19. Qd1 b4 20. Ne2 Rxe2 21.
Qxe2 f3 22. Qe1 Qxh2 23. Ng3 Qxh4 24. Qxb4 Qf4+ 25. Kb1 Qxg5 26. Qc5 Bd7 27.
Qxa7 Qe7 28. a4 Nf4 29. Rh1 Ne2 30. Nf1 Re8 31. Ne3 Nf4 32. a5 Ng2 33. Nd1 Bf5
34. Qb6 Rc8 35. a6 Qc7 36. Qb3 Qa7 37. Qxf3 Be4 38. Qh3 Ra8 39. f3 Qxa6 40. Kc1
Nf4 41. Qh2 Qe2 42. Qxe2 Nxe2+ 43. Kd2 Bxf3 44. Rh4 g5 45. Rh6 Nxd4 46. c3 Bxd1
47. cxd4 Ba4 48. Rh5 h6 49. Rxh6 Kg7 50. Rd6 Rf8 51. Ke3 Bb5 52. Rd7+ Rf7 53.
Rd8 g4 54. Ra8 g3 55. Ra1 g2 56. Rg1 Bf1 57. Kd2 Kg6 0-1

[Event "European Rapid 2014"]
[Site "Wroclaw POL"]
[Date "2014.12.21"]
[Round "9.58"]
[White "Khamidov, Komil"]
[Black "Licznerski, Lukasz"]
[Result "0-1"]
[BlackTitle "FM"]
[WhiteElo "2058"]
[BlackElo "2318"]
[WhiteFideId "1108956"]
[BlackFideId "1179250"]
[EventDate "2014.12.20"]

1. e4 c6 2. d4 d5 3. Nc3 dxe4 4. Nxe4 Nd7 5. Ng5 Ngf6 6. N1f3 e6 7. Bd3 Bd6 8.
O-O h6 9. Ne4 Nxe4 10. Bxe4 Qc7 11. c4 O-O 12. h3 b6 13. b3 Bb7 14. Bb2 Rfd8 15.
Qe2 Nf6 16. Bc2 Qe7 17. Rad1 c5 18. Ne5 cxd4 19. Bxd4 Bc5 20. Bc3 a5 21. Ng4
Nxg4 22. Qxg4 Qg5 23. Qxg5 hxg5 24. Rxd8+ Rxd8 25. Rd1 Rxd1+ 26. Bxd1 Be4 27. a4
Bd3 28. g3 f6 29. Kg2 Be4+ 30. Kf1 Kf7 31. Ke2 Bg2 32. h4 gxh4 33. gxh4 Be4 34.
f3 Bf5 35. Be1 e5 36. Bg3 Ke6 37. Kd2 Bg6 38. Bc2 f5 39. f4 exf4 40. Bxf4 Bf2
41. Bg5 Bh5 42. Bd8 f4 43. Be4 Be3+ 44. Kc3 f3 45. Bd3 f2 46. Bf1 Bc5 47. Kd2
Kf5 48. Bg5 Bf3 49. Bh3+ Ke4 50. Bf1 Bb4+ 51. Kc2 Bh1 52. Bd8 Kf3 53. Kd3 Bc5
54. Bg5 Bg2 55. Be2+ Kg3 0-1

[Event "European Rapid 2014"]
[Site "Wroclaw POL"]
[Date "2014.12.21"]
[Round "9.59"]
[White "Konopka, Michal"]
[Black "Caprino, Marco"]
[Result "1-0"]
[WhiteTitle "IM"]
[WhiteElo "2418"]
[BlackElo "2071"]
[WhiteFideId "308633"]
[BlackFideId "841323"]
[EventDate "2014.12.20"]

1. Nf3 c5 2. c4 g6 3. d4 cxd4 4. Qxd4 Nf6 5. Nc3 Bg7 6. g3 O-O 7. Qh4 Qb6 8. Bg2
d6 9. O-O h5 10. b3 Bd7 11. Bg5 Bc6 12. Rac1 Nbd7 13. h3 Nc5 14. Be3 Qb4 15. Bd2
Qa3 16. Nd4 Bxg2 17. Kxg2 Qa6 18. Rfd1 b6 19. Bg5 Qb7+ 20. Kg1 Rfe8 21. Bxf6
Bxf6 22. Qf4 Bg7 23. Qf3 Qc8 24. Kg2 Nd7 25. Qc6 Bxd4 26. Qxc8 Rexc8 27. Rxd4 a6
28. Rdd1 Rc6 29. f4 Rac8 30. Nd5 Kf8 31. Nb4 Rc5 32. Nxa6 Ra5 33. Nb4 Rca8 34.
Rc2 Ke8 35. Kf3 Nc5 36. Rdd2 f5 37. Nd5 Ne4 38. Nc7+ Kd8 39. Nxa8 Nxd2+ 40. Rxd2
Rxa8 41. Ke3 Kc7 42. Kd4 e6 43. a4 Re8 44. e4 e5+ 45. fxe5 Rxe5 46. exf5 Rxf5
47. Rd3 h4 48. gxh4 Rf4+ 49. Kd5 Rxh4 50. Ke6 g5 51. Kf5 d5 52. cxd5 Kd6 53.
Kxg5 Rb4 54. h4 b5 55. axb5 Rxb5 56. h5 Ke7 57. Kg6 Kf8 58. d6 Rb6 59. h6 Kg8
60. b4 Kh8 61. Kf7 Rxb4 62. d7 Rf4+ 63. Ke6 Re4+ 64. Kf5 1-0

[Event "European Rapid 2014"]
[Site "Wroclaw POL"]
[Date "2014.12.21"]
[Round "9.60"]
[White "Wieczorek, Oskar"]
[Black "Eggink, Mateusz"]
[Result "1-0"]
[WhiteTitle "IM"]
[WhiteElo "2425"]
[BlackElo "2247"]
[WhiteFideId "1133950"]
[BlackFideId "1135490"]
[EventDate "2014.12.20"]

1. Nf3 d5 2. c4 c6 3. Qc2 Nf6 4. e3 Bg4 5. Be2 Nbd7 6. d4 e6 7. O-O Bd6 8. Nbd2
O-O 9. b3 e5 10. dxe5 Bxe5 11. Bb2 Bxb2 12. Qxb2 dxc4 13. Nxc4 Qc7 14. Rfd1 Rad8
15. Rac1 Nd5 16. b4 N7f6 17. Nce5 Bh5 18. b5 c5 19. Qa3 b6 20. Bc4 Rfe8 21. Nc6
Rd7 22. Qb3 Ne7 23. Rxd7 Nxd7 24. Ng5 Nxc6 25. Bxf7+ Kh8 26. bxc6 Nf6 27. Bxh5 1-0

[Event "European Rapid 2014"]
[Site "Wroclaw POL"]
[Date "2014.12.21"]
[Round "9.61"]
[White "Szczepkowska-Horowska, Karina"]
[Black "Niekras, Dawid"]
[Result "1/2-1/2"]
[WhiteTitle "WGM"]
[WhiteElo "2398"]
[BlackElo "2089"]
[WhiteFideId "1122681"]
[BlackFideId "1160451"]
[EventDate "2014.12.20"]

1. d4 d5 2. c4 e6 3. Nf3 Nf6 4. Nc3 Nbd7 5. cxd5 exd5 6. Bf4 c6 7. e3 Be7 8. Bd3
O-O 9. h3 Re8 10. O-O Nf8 11. Qc2 Ne6 12. Bh2 g6 13. Rab1 a5 14. a3 Ng7 15. b4
axb4 16. axb4 Bf5 17. Bxf5 Nxf5 18. b5 Bd6 19. Be5 Bxe5 20. Nxe5 c5 21. Ng4 cxd4
22. Nxf6+ Qxf6 23. Nxd5 Qe5 24. e4 Rac8 25. Qb3 Ne7 26. Nb6 Rc3 27. Qb4 Rd8 28.
Na4 Rc7 29. b6 Rc6 30. Nb2 Nc8 31. Na4 Qxe4 32. Rfe1 Qd5 33. Rbd1 Qd6 34. Qd2
Nxb6 35. Nxb6 Rxb6 36. Re4 Rb5 37. Rde1 Kg7 38. Rh4 h5 39. Rhe4 Rd5 40. Re7 Rd7
41. Re8 Rd8 42. R8e7 Rd7 43. Re8 Rd8 44. R8e7 Rd7 45. Re8 Rd8 46. R8e7 Rd7 1/2-1/2

[Event "European Rapid 2014"]
[Site "Wroclaw POL"]
[Date "2014.12.21"]
[Round "9.62"]
[White "Ziaziulkina, Nastassia"]
[Black "Woloch, Oskar"]
[Result "1-0"]
[WhiteTitle "IM"]
[WhiteElo "2427"]
[BlackElo "1966"]
[WhiteFideId "13505211"]
[BlackFideId "1192116"]
[EventDate "2014.12.20"]

1. e4 e5 2. Nf3 Nc6 3. Bb5 Bc5 4. O-O Nd4 5. Nxd4 Bxd4 6. c3 Bb6 7. d3 c6 8. Ba4
Nf6 9. Nd2 O-O 10. Nf3 d6 11. h3 h6 12. Re1 Re8 13. Be3 Bc7 14. Nd2 b5 15. Bb3
Be6 16. d4 Qe7 17. Qf3 Bb6 18. Bxe6 Qxe6 19. a4 exd4 20. Bxd4 bxa4 21. Bxf6 Qxf6
22. Qxf6 gxf6 23. Rxa4 f5 24. Kf1 fxe4 25. Raxe4 Kf8 26. Nf3 Rxe4 27. Rxe4 Re8
28. Rxe8+ Kxe8 29. Nh4 Kd7 30. Nf5 h5 31. Ke2 Bd8 32. Kf3 Bg5 33. Ng3 h4 34. Nf5
d5 35. Ne3 Ke6 36. Kg4 Bf6 37. Nf5 c5 38. Nxh4 Bxh4 39. Kxh4 Kf5 40. Kg3 Ke4 41.
h4 d4 42. cxd4 cxd4 43. h5 d3 44. h6 d2 45. h7 d1=Q 46. h8=Q Qd6+ 47. Kh3 Qe6+
48. Kh2 a6 49. Qh4+ Kd5 50. Qg5+ Kc6 51. f4 f6 52. Qg3 f5 53. Qc3+ Kd7 54. Qd4+
Ke7 55. Kg3 Qg6+ 56. Kf2 Kf8 57. Qd8+ Kf7 58. Qd5+ Kf8 59. Qa8+ Kf7 60. Qb7+ Kf8
61. g3 Qf6 62. Qb8+ Kf7 63. Ke3 Qe6+ 64. Qe5 Qb3+ 65. Kd2 Kg6 66. Qc3 Qd5+ 67.
Qd3 Qa5+ 68. Ke2 Qb6 69. b3 Qe6+ 70. Kd2 Kh6 71. Qd8 Kg6 72. Kc3 Qc6+ 73. Kb2
Qg2+ 74. Ka3 Qe4 75. Qd6+ Kh5 76. Qxa6 Kg4 77. Qg6+ Kf3 78. b4 Qa8+ 79. Kb2 Qd5
80. Kc3 Ke4 81. Qe8+ Kf3 82. Qe1 Qc6+ 83. Kb2 Qb6 84. Qc3+ Kg4 85. Kc2 Qf2+ 86.
Kb3 Qe2 87. Qg7+ Kf3 88. Qg6 Qd3+ 89. Ka4 Qd7+ 90. b5 Qd4+ 91. Ka5 Qa7+ 92. Qa6
Qc7+ 93. Qb6 Qc3+ 94. Ka6 Kxg3 95. Qd6 Qa1+ 96. Kb7 Qg7+ 97. Qc7 Qxc7+ 98. Kxc7
Kxf4 99. b6 Ke3 100. b7 f4 101. b8=Q f3 102. Qb3+ Kf2 103. Kd6 Kg2 104. Qg8+ Kh1
105. Qh7+ Kg1 106. Qg6+ Kh2 107. Qh5+ Kg3 108. Qg5+ Kh3 109. Qg1 1-0

[Event "European Rapid 2014"]
[Site "Wroclaw POL"]
[Date "2014.12.21"]
[Round "9.63"]
[White "Kanicki, Krzysztof"]
[Black "Nasuta, Grzegorz"]
[Result "1/2-1/2"]
[BlackTitle "FM"]
[WhiteElo "2029"]
[BlackElo "2351"]
[WhiteFideId "1163450"]
[BlackFideId "1141686"]
[EventDate "2014.12.20"]

1. e4 c5 2. Nf3 d6 3. d4 cxd4 4. Nxd4 a6 5. Nc3 e6 6. Be2 Nf6 7. O-O Be7 8. f4
O-O 9. Qe1 Nc6 10. Be3 Bd7 11. Qg3 Nxd4 12. Bxd4 Bc6 13. Kh1 b5 14. a3 Qc7 15.
Rae1 Qb7 16. Bd3 Rad8 17. e5 dxe5 18. Bxe5 g6 19. f5 Nh5 20. Qg4 exf5 21. Bxf5
Rd2 22. Re2 Rxe2 23. Nxe2 Re8 24. Bd3 Bxa3 25. bxa3 Rxe5 26. Nd4 Qd7 27. Qh4 Ng7
28. Nxc6 Qxc6 29. Qd4 Re8 30. Qf4 Qb7 31. h3 Ne6 32. Qh4 Qe7 33. Qf2 Rc8 34. Ra1
Qc5 35. Qe1 Nd4 36. Qb4 Qc3 37. Re1 Ne6 38. Re4 Qc6 39. Re1 Qc5 40. Ra1 Qc3 41.
Re1 Qc5 42. Ra1 h5 43. h4 Qe5 44. Rf1 Re8 45. a4 Qd4 46. Qxd4 Nxd4 47. axb5 axb5
48. c3 Re3 49. Bxg6 fxg6 50. cxd4 Re4 51. Rb1 Rxh4+ 52. Kg1 Rxd4 53. Rxb5 Kg7
54. Kh2 Kh6 55. Ra5 Rd3 56. Rb5 h4 57. Ra5 g5 58. Ra8 Rd1 59. Ra6+ Kh5 60. Ra5
Kg4 61. Ra4+ Kf5 62. Ra5+ Kf4 63. Ra4+ Ke5 64. Ra5+ Kf4 65. Ra4+ Kf5 66. Ra5+
Kg4 67. Ra4+ Kh5 68. Ra5 Re1 69. Rb5 Kg4 70. Rb4+ Kf5 71. Rb8 Re2 72. Ra8 Kf4
73. Rf8+ Kg4 74. Rf3 Re5 75. Ra3 Kh5 76. Ra8 Rd5 77. Rb8 Rd2 78. Rb5 Re2 79. Ra5
Kg6 80. Ra6+ Kf5 81. Ra8 g4 82. Rf8+ Kg5 83. Rg8+ Kf4 84. Rf8+ Ke3 85. Re8+ Kf2
86. Rf8+ Ke1 87. Rf4 1/2-1/2

[Event "European Rapid 2014"]
[Site "Wroclaw POL"]
[Date "2014.12.21"]
[Round "9.64"]
[White "Kowalczyk, Mariusz"]
[Black "Ivekovic, Zvonimir"]
[Result "0-1"]
[WhiteElo "2003"]
[BlackElo "2360"]
[WhiteFideId "1126202"]
[BlackFideId "14511320"]
[EventDate "2014.12.20"]

1. e4 c5 2. c3 d5 3. exd5 Qxd5 4. d4 Nc6 5. Nf3 Nf6 6. Be2 e6 7. O-O cxd4 8.
Nxd4 Nxd4 9. cxd4 Be7 10. Nc3 Qd6 11. Bf3 O-O 12. Be3 Bd7 13. d5 e5 14. Rc1 Rfd8
15. Qd3 Ne8 16. Ne4 Qg6 17. Nc5 Bf5 18. Be4 Bxe4 19. Nxe4 f5 20. Nc5 f4 21. Qxg6
hxg6 22. Bd2 Rxd5 23. Bb4 Rc8 24. Nd3 Rxc1 25. Rxc1 Rxd3 26. Bxe7 Rd2 27. Ba3
Nf6 28. h3 e4 29. Rc7 Rd7 30. Rc4 Kf7 31. Kf1 a5 32. b4 b5 33. Rc5 Rd1+ 34. Ke2
Ra1 35. Rc2 axb4 36. Bxb4 Nd5 37. Bd2 g5 38. Rc5 Ke6 39. Rc2 Ke5 40. Bc1 Rxa2
41. Rxa2 Nc3+ 42. Kd2 Nxa2 43. Bb2+ Kd5 44. Bxg7 Ke6 45. Bf8 Kf5 46. Kc2 b4 47.
Bc5 g4 48. hxg4+ Kxg4 49. Kb3 Nc1+ 50. Kc2 Nd3 51. Bd6 Nxf2 52. Bxb4 Kg3 53. Bd6
Nd3 54. Kd2 Kf2 55. Bb8 Kg3 56. Bc7 Nc5 57. Ke2 Ne6 58. Be5 Nf8 59. Kf1 Ng6 60.
Bc3 Nh4 61. Be1+ Kg4 62. Bc3 Nf5 63. Ba5 Ng3+ 64. Kg1 e3 65. Bb4 Kf5 66. Bd6 Ke4
67. Bb8 Kd3 68. Ba7 Kd2 69. Bb6 e2 70. Ba5+ Kd1 71. Kf2 Ne4+ 72. Kf3 Nd2+ 0-1

[Event "European Rapid 2014"]
[Site "Wroclaw POL"]
[Date "2014.12.21"]
[Round "9.65"]
[White "Plichta, Kamil"]
[Black "Szmer, Aleksander"]
[Result "1/2-1/2"]
[WhiteTitle "FM"]
[WhiteElo "2320"]
[BlackElo "1767"]
[WhiteFideId "1141830"]
[BlackFideId "1127357"]
[EventDate "2014.12.20"]

1. g3 e5 2. Bg2 d5 3. c4 Nf6 4. cxd5 Nxd5 5. Nf3 Nc6 6. O-O Be6 7. d4 exd4 8.
Nxd4 Nxd4 9. Qxd4 c6 10. Nc3 Qb6 11. Qe5 Qc7 12. Qxc7 Nxc7 13. Bf4 O-O-O 14.
Rfd1 Be7 15. Be5 f6 16. Bd4 Kb8 17. Ne4 Rhe8 18. Bc5 Bxc5 19. Nxc5 Bd5 20. e4
Bf7 21. b3 Ne6 22. Nxe6 Bxe6 23. f3 Kc7 24. Kf2 Rxd1 25. Rxd1 Rd8 26. Rxd8 Kxd8
27. Ke3 Kc7 28. f4 Kd6 29. Kd4 c5+ 30. Kc3 b5 31. a3 a5 32. Bf1 Kc6 33. Bd3 h6
34. Be2 Bf7 35. Bg4 b4+ 36. Kb2 c4 37. axb4 axb4 38. bxc4 Bxc4 39. e5 fxe5 40.
fxe5 Kd5 41. e6 Kd6 1/2-1/2

[Event "European Rapid 2014"]
[Site "Wroclaw POL"]
[Date "2014.12.21"]
[Round "9.66"]
[White "Dragun, Kamil"]
[Black "Jacek, Krystian"]
[Result "1-0"]
[WhiteTitle "GM"]
[WhiteElo "2547"]
[BlackElo "2165"]
[WhiteFideId "1134167"]
[BlackFideId "1133780"]
[EventDate "2014.12.20"]

1. d4 Nf6 2. c4 g6 3. Nc3 Bg7 4. e4 d6 5. Nf3 O-O 6. Be2 e5 7. O-O Nc6 8. d5 Ne7
9. a4 h6 10. a5 Ne8 11. b4 f5 12. Nd2 Nf6 13. f3 f4 14. c5 g5 15. a6 b6 16. cxd6
cxd6 17. Nb5 h5 18. Nc4 Ne8 19. Bd2 Rf6 20. h3 Rg6 21. Be1 Bd7 22. Nca3 Kh8 23.
Rc1 Ng8 24. Rc6 Nh6 25. Nc4 g4 26. fxg4 hxg4 27. hxg4 Nxg4 28. Nbxd6 Nxd6 29.
Rxd6 Ne3 30. Rxg6 Nxd1 31. Bxd1 Bb5 32. Nd6 Be8 33. Re6 Qd7 34. Be2 Bf7 35. Bb5
Qc7 36. Nxf7+ Qxf7 37. Rf3 Rc8 38. Bc6 Qxe6 39. dxe6 Rxc6 40. Rd3 1-0

[Event "European Rapid 2014"]
[Site "Wroclaw POL"]
[Date "2014.12.21"]
[Round "10.1"]
[White "Volokitin, Andrei"]
[Black "Duda, Jan-Krzysztof"]
[Result "1-0"]
[WhiteTitle "GM"]
[BlackTitle "GM"]
[WhiteElo "2626"]
[BlackElo "2603"]
[WhiteFideId "14107090"]
[BlackFideId "1170546"]
[EventDate "2014.12.20"]

1. d4 d5 2. c4 e6 3. Nf3 Nf6 4. g3 dxc4 5. Bg2 a6 6. O-O Nc6 7. e3 Bd7 8. Qe2
Bd6 9. Nc3 O-O 10. Qxc4 Rb8 11. e4 e5 12. d5 b5 13. Qd3 Na5 14. Rd1 b4 15. Nb1
Bb5 16. Qc2 c6 17. a4 Bc4 18. Nbd2 cxd5 19. Nxc4 Nxc4 20. exd5 Rc8 21. Qe2 h6
22. b3 Na5 23. Rb1 Nb7 24. Bh3 Rc7 25. Be3 Nc5 26. Nxe5 Bxe5 27. Bxc5 Rxc5 28.
Qxe5 Re8 29. Qf5 Rxd5 30. Rxd5 Qxd5 31. Qxd5 Nxd5 32. Rd1 Nc3 33. Rd6 a5 34. Bf1
Ne2+ 35. Kg2 Re5 36. f4 Re7 37. Rd5 g6 38. Rxa5 Nd4 39. Bc4 Kg7 40. Re5 Rc7 41.
a5 Kf6 42. a6 g5 43. Rd5 Ne6 44. fxg5+ hxg5 45. Rb5 Rd7 46. Rxb4 Rd2+ 47. Kf3
Nd4+ 48. Ke3 Rd1 49. a7 1-0